Lore Twenty One Pilots - Les lieux - Statistiques

Statistiques générales
  • Ce quiz a été pris 10 fois
  • Le résultat moyen est 5 sur 7
Statistiques - réponses
Question Réponse % Correct
Dans le clip de 'Nico and the Niners', par où Clancy parvient-il à s'échapper ? Des tunnels sous-terrains, grâce aux Banditos
100%
Dans quel vaste lieu se trouve la ville de Dema ? Trench
100%
Dans ce même clip, où sont réunis les Neds ? Une sorte de grotte
100%
Que sont devenus les habitants de Dema les plus fidèles au Vialism ? Ils se sont suicidés
67%
Dans le clip de 'The Outside', où rampe Clancy au tout début ? Voldsoy
44%
Comment se nomment les tours au centre de Dema ? Les tours du silence
33%
A quel Bishop est associée la tour du milieu au centre de Trench ?
22%
Aucun quiz correspondant
Distribution des résultats
% des personnes avec chaque résultat
Percentile par nombre de réponses
Votre historique - résultats
Vous n’avez pas pris ce quiz